All 50k+ Cities in the nordics - Statistics

General Stats
  • This quiz has been taken 29 times
  • The average score is 26 of 59
Answer Stats
Country Population Answer % Correct
Norway 269,548 Bergen
100%
Denmark 1,378,649 Copenhagen
100%
Finland 682,000 Helsinki
100%
Sweden 280,415 Malmö
100%
Norway 1,082,575 Oslo
100%
Sweden 1,372,565 Stockholm
100%
Finland 341,696 Tampere
90%
Finland 205,137 Oulu
86%
Norway 196,948 Trondheim
86%
Finland 277,677 Turku
86%
Denmark 295,688 Aarhus
81%
Sweden 140,454 Uppsala
81%
Sweden 549,839 Gothenburg
76%
Denmark 183,763 Odense
76%
Iceland 119,108 Reykjavík
71%
Norway 234,757 Stavanger
71%
Denmark 120,700 Aalborg
62%
Sweden 107,038 Örebrö
62%
Sweden 89,396 Jönköping
57%
Sweden 104,232 Linköping
57%
Sweden 87,247 Norrköping
57%
Norway 122,955 Drammen
52%
Sweden 97,122 Helsingborg
52%
Denmark 71,505 Esbjerg
48%
Finland 67,789 Vaasa
48%
Sweden 110,877 Västerås
48%
Finland 53,604 Rovaniemi
43%
Finland 128,911 Jyväskylä
38%
Norway 66,576 Kristiansand
38%
Sweden 82,800 Lund
38%
Sweden 79,594 Umeå
38%
Norway 55,386 Ålesund
33%
Finland 91,243 Kuopio
33%
Sweden 61,685 Karlstad
29%
Finland 119,469 Lahti
29%
Sweden 50,712 Sundsvall
29%
Sweden 60,887 Växjö
29%
Norway 120,332 Fredrikstad
24%
Finland 83,479 Pori
24%
Sweden 66,273 Borås
19%
Finland 50,975 Hämeenlinna
19%
Denmark 63,903 Horsens
19%
Denmark 62,444 Kolding
19%
Finland 56,075 Lappeenranta
19%
Denmark 64,158 Randers
19%
Sweden 64,679 Eskilstuna
14%
Finland 72,621 Joensuu
14%
Finland 50,610 Porvoo
14%
Norway 95,763 Skien
14%
Sweden 58,577 Halmstad
10%
Denmark 51,312 Herning
10%
Denmark 51,805 Silkeborg
10%
Sweden 64,619 Södertälje
10%
Norway 55,387 Tønsberg
10%
Finland 50,400 Kotka
5%
Finland 51,300 Seinäjoki
5%
Denmark 61,706 Velje
5%
Denmark 52,974 Rosklide
0%
Sweden 61,272 Täby
0%
No matching quizzes found
Score Distribution
Percent of People with Each Score
Percentile by Number Answered
Your Score History
You have not taken this quiz